SIS documentation. (Record no. 108646)
[ view plain ]
| 000 -LEADER | |
|---|---|
| fixed length control field | 00303nam a2200133 a 4500 |
| 003 - CONTROL NUMBER IDENTIFIER | |
| control field | 0 |
| 005 - DATE AND TIME OF LATEST TRANSACTION | |
| control field | 20240729162556.0 |
| 008 - FIXED-LENGTH DATA ELEMENTS--GENERAL INFORMATION | |
| fixed length control field | 021220s19uu xx 00 eng d |
| 050 ## - LIBRARY OF CONGRESS CALL NUMBER | |
| Classification number | VHS SD |
| Item number | R 01 |
| 245 ## - TITLE STATEMENT | |
| Title | SIS documentation. |
| 500 ## - GENERAL NOTE | |
| General note | Library has 2 copies. |
| 942 ## - ADDED ENTRY ELEMENTS (KOHA) | |
| Koha item type | Audio Visual Materials |
| Source of classification or shelving scheme | Library of Congress Classification |
| Withdrawn status | Lost status | Source of classification or shelving scheme | Damaged status | Home library | Current library | Shelving location | Date acquired | Source of acquisition | Total Checkouts | Full call number | Barcode | Date last seen | Copy number | Price effective from | Koha item type |
|---|---|---|---|---|---|---|---|---|---|---|---|---|---|---|---|
| Library of Congress Classification | Luxembourg Library | Luxembourg Library | Audio Visual Material Section | 05/27/2003 | Donation | VHS SD R 01 | AV0694 | 04/14/2014 | 1 | 04/14/2014 | Audio Visual Materials | ||||
| Library of Congress Classification | Luxembourg Library | Luxembourg Library | Audio Visual Material Section | 07/29/2024 | Donation | VHS SD R 01 | AV0695 | 07/29/2024 | 2 | 07/29/2024 | Audio Visual Materials |